LEADER 00648nam0 2200217 450 001 000011349 005 20080516144019.0 100 $a20080516d1951----km-y0itay50------ba 101 0 $aita 102 $aIT 105 $ay-------001-y 200 1 $aFondamenti di analisi matematica con applicazioni 210 $aBologna$cN. Zanichelli$d1951 215 $av.$d24 cm 676 $a517.6$v20 700 1$aRimini,$bCesare$f<1882-1960>$0631259 801 0$aIT$bUNIPARTHENOPE$c20080516$gRICA$2UNIMARC 912 $a000011349 951 $a517.6/100(2)$b13183$cNAVA1 996 $aFondamenti di analisi matematica con applicazioni$91204058 997 $aUNIPARTHENOPE LEADER 00858nam0 2200277 450 001 000013529 005 20180522103946.0 100 $a20080626d1986----km-y0itay50------ba 101 0 $aita 102 $aIT 105 $aac------001yy 200 1 $a<>enigma dei raggi cosmici$fBruno Rossi$ga cura di Ottavia Bassetti 210 $aMilano$cMontedison-Progetto cultura Imago$d1986 215 $a96 p.$cill., 1 ritr.$d21 cm 225 2 $aFrontiere$v1 410 0$12001$aFrontiere 610 1 $aRaggi cosmici 676 $a523.019$v19 676 $a539.7223$v19$9Fisica dei raggi cosmici 700 1$aRossi,$bBruno$f<1905-1993>$01745 702 1$aBassetti,$bOttavia 801 0$aIT$bUNIPARTHENOPE$c20080626$gRICA$2UNIMARC 912 $a000013529 951 $a523.019/100$b27151$cPIST 996 $aEnigma dei raggi cosmici$9115739 997 $aUNIPARTHENOPE